Van lalgam thuguk: (Record no. 8773)
[ view plain ]
| 000 -LEADER | |
|---|---|
| fixed length control field | 00478nam a22001817a 4500 |
| 003 - CONTROL NUMBER IDENTIFIER | |
| control field | GBCCL |
| 005 - DATE AND TIME OF LATEST TRANSACTION | |
| control field | 20241126110658.0 |
| 008 - FIXED-LENGTH DATA ELEMENTS--GENERAL INFORMATION | |
| fixed length control field | 211004b ||||| |||| 00| 0 eng d |
| 040 ## - CATALOGING SOURCE | |
| Transcribing agency | gbc |
| 082 ## - DEWEY DECIMAL CLASSIFICATION NUMBER | |
| Classification number | 226.8 |
| Item number | TON |
| 100 ## - MAIN ENTRY--PERSONAL NAME | |
| Personal name | Tonsing, Ginliansang |
| 9 (RLIN) | 7479 |
| 245 ## - TITLE STATEMENT | |
| Title | Van lalgam thuguk: |
| Remainder of title | Jesu gentehna gente |
| 260 ## - PUBLICATION, DISTRIBUTION, ETC. | |
| Place of publication, distribution, etc. | Lamka: |
| Name of publisher, distributor, etc. | Author, |
| Date of publication, distribution, etc. | 2021 |
| 300 ## - PHYSICAL DESCRIPTION | |
| Extent | 156p.; |
| 650 ## - SUBJECT ADDED ENTRY--TOPICAL TERM | |
| Topical term or geographic name entry element | Jesus Christ |
| Form subdivision | Parables |
| 9 (RLIN) | 15437 |
| 650 ## - SUBJECT ADDED ENTRY--TOPICAL TERM | |
| Topical term or geographic name entry element | Bible. |
| Form subdivision | N.T. |
| General subdivision | Gospels |
| 9 (RLIN) | 15438 |
| 942 ## - ADDED ENTRY ELEMENTS (KOHA) | |
| Source of classification or shelving scheme | Dewey Decimal Classification |
| Koha item type | Books |
| Withdrawn status | Lost status | Source of classification or shelving scheme | Damaged status | Not for loan | Home library | Current Library | Shelving location | Date acquired | Total checkouts | Full call number | Barcode | Date last seen | Copy number | Price effective from | Koha item type | Date last checked out |
|---|---|---|---|---|---|---|---|---|---|---|---|---|---|---|---|---|
| Dewey Decimal Classification | GRACE BIBLE COLLEGE | GRACE BIBLE COLLEGE | Vernacular | 2021-10-04 | VER 226.8 TON | 004769 | 2025-05-01 | c.1 | 2021-10-04 | Books | ||||||
| Dewey Decimal Classification | GRACE BIBLE COLLEGE | GRACE BIBLE COLLEGE | Vernacular | 2021-10-04 | VER 226.8 TON | 004770 | 2025-05-01 | c.2 | 2021-10-04 | Books | ||||||
| Dewey Decimal Classification | GRACE BIBLE COLLEGE | GRACE BIBLE COLLEGE | Vernacular | 2021-10-04 | VER 226.8 TON | 004771 | 2025-05-01 | c.3 | 2021-10-04 | Books | ||||||
| Dewey Decimal Classification | GRACE BIBLE COLLEGE | GRACE BIBLE COLLEGE | Vernacular | 2021-10-04 | VER 226.8 TON | 004772 | 2025-05-01 | c.4 | 2021-10-04 | Books | ||||||
| Dewey Decimal Classification | GRACE BIBLE COLLEGE | GRACE BIBLE COLLEGE | Vernacular | 2021-10-04 | 1 | VER 226.8 TON | 004773 | 2025-07-07 | c.5 | 2021-10-04 | Books | 2025-06-30 | ||||
| Dewey Decimal Classification | GRACE BIBLE COLLEGE | GRACE BIBLE COLLEGE | Vernacular | 2021-10-04 | VER 226.8 TON | 004774 | 2025-05-01 | c.6 | 2021-10-04 | Books | ||||||
| Dewey Decimal Classification | GRACE BIBLE COLLEGE | GRACE BIBLE COLLEGE | Vernacular | 2021-10-04 | VER 226.8 TON | 004775 | 2025-05-01 | c.7 | 2021-10-04 | Books |